Bytový dom

Salvato in:
Dettagli Bibliografici
Autore principale: Hlubinová, Andrea (Autore)
Altri autori: Kobza, Juraj (Relatore della tesi)
Natura: Manoscritto Libro
Lingua:slovacco
Pubblicazione: 2015
Soggetti:
Accesso online:http://is.stuba.sk/zp/portal_zp.pl?podrobnosti=91103
https://opac.crzp.sk/?fn=detailBiblioForm&sid=A2EF37C6133CFD974EFC04B161DD
Tags: Aggiungi Tag
Nessun Tag, puoi essere il primo ad aggiungerne!!

MARC

LEADER 00000ntm a22000003a 4500
001 stuzp50610
003 SK-STU
005 20230811113844.1
007 ta
008 150427s2015----xo-----f-mn---000-0-slo-d
040 |a STU  |b slo 
041 0 |a slo 
100 1 |a Hlubinová, Andrea  |u 010180  |4 aut  |U SvF Stavebná fakulta  |T SvF Katedra konštrukcií pozemných stavieb  |X 42109  |U V180  |Y 18  |7 42109 
242 0 1 |a Abstract  |y eng 
245 1 0 |a Bytový dom 
260 |c 2015 
650 4 |a Bakalárska práca  |2 slo 
650 4 |a Bratislava  |2 slo 
650 4 |a Bytový dom  |2 slo 
650 4 |a Bachelor thesis  |2 eng 
650 4 |a Bratislava  |2 eng 
650 4 |a Residential building  |2 eng 
700 1 |a Kobza, Juraj  |4 ths  |X 23461  |7 A000023461 
856 4 |u http://is.stuba.sk/zp/portal_zp.pl?podrobnosti=91103 
856 4 |u https://opac.crzp.sk/?fn=detailBiblioForm&sid=A2EF37C6133CFD974EFC04B161DD 
SQL |a stuzp50610  |b DBP  |c SLO  |d Bytový dom  |e 42109  |f Hlubinová, Andrea  |g 010180  |h 23461  |i Kobza, Juraj  |j 20150910  |k 4  |l 01  |m http://is.stuba.sk/zp/portal_zp.pl?podrobnosti=91103  |n B-PSA  |o 5.1.4. pozemné stavby, 5.1.1. architektúra a urbanizmus